000 01069cam a2200289 4500
999 _c19248
_d19248
001 3169816
005 20170116080934.0
008 700714s1969 enkh b 000 0 eng
010 _a 75479376
015 _aB69-22281
020 _a0192810596
050 0 0 _aPR1263 .G6 1969
082 0 0 _a822/.3/08
100 1 _aGomme, A. H.
_q(Austin Harvey),
_d1930-2008,
_ecomp.
245 1 0 _aJacobean tragedies;
_cedited with an introduction by A. H. Gomme.
260 _aLondon,
_aNew York,
_bOxford U.P.,
_c1969.
300 _axvi, 398 p.
_b5 facsims.
_c21 cm.
350 _a13/-
490 0 _aOxford paperbacks, 180
504 _aBibliography: p. xvi.
505 0 _aThe malcontent, by J. Marston.--The revenger's tragedy. The atheist's tragedy, by C. Tourneur.--The changeling, by T. Middleton and W. Romley.--Women beware women, by T. Middleton.
650 0 _aEnglish drama
_y17th century.
650 0 _aEnglish drama (Tragedy)
942 _2lcc
_cBOOKS